Mẫn và tôi tiểu thuyết
.
Saved in:
| Main Author: | |
|---|---|
| Format: | Book |
| Language: | Vietnamese |
| Published: |
H.
Văn nghệ Giải phóng
1975
|
| Edition: | in lần thứ hai có sửa chửa |
| Subjects: | |
| Tags: |
Add Tag
No Tags, Be the first to tag this record!
|
| Institutions: | Mạng thư viện Đại học Đà Nẵng |
|---|
| LEADER | 01111nam a2200361 4500 | ||
|---|---|---|---|
| 001 | 000005342 | ||
| 003 | 1486 | ||
| 005 | 20120416140416.0 | ||
| 008 | 110815s1975 viesd | ||
| 020 | |c 0 | ||
| 041 | 0 | |a vie | |
| 082 | |a 895.9223 |b PH-T | ||
| 100 | 0 | |a Phan Tứ | |
| 245 | 0 | |a Mẫn và tôi |b tiểu thuyết |c Phan Tứ | |
| 250 | |a in lần thứ hai có sửa chửa | ||
| 260 | |a H. |b Văn nghệ Giải phóng |c 1975 | ||
| 300 | |a 642 tr. |c 19 cm | ||
| 520 | |a . | ||
| 653 | |a Văn học Việt Nam | ||
| 653 | |a tiểu thuyết | ||
| 653 | |a Phan Tứ | ||
| 700 | |a Phan Tứ |e tác giả | ||
| 910 | |a Thu Sương |d 15/8/2011 | ||
| OWN | |a LSP | ||
| AVA | |a UDN50 |b LSP |d 895.9223 PH-T |e available |t Error 5001 Not defined in file expand_doc_bib_avail. |f 3 |g 1 |h N |i 0 |k 1 | ||
| 999 | |a From the UDN01 | ||
| AVA | |a UDN50 |b LSP |d 895.9223 PH-T |e available |t Error 5001 Not defined in file expand_doc_bib_avail. |f 3 |g 1 |h N |i 0 |k 1 | ||
| TYP | |a Monograph | ||
| TYP | |a Printed language | ||
| 980 | |a Mạng thư viện Đại học Đà Nẵng | ||